1992: year of change (Record no. 25769)
[ view plain ]
| 000 -LEADER | |
|---|---|
| fixed length control field | 00949cab a2200193 4500 |
| 001 - CONTROL NUMBER | |
| control field | ABS43057 |
| 008 - FIXED-LENGTH DATA ELEMENTS--GENERAL INFORMATION | |
| fixed length control field | 090401t1990 xxu||||| |||| 00| 0 eng d |
| 035 ## - SYSTEM CONTROL NUMBER | |
| System control number | (Sirsi) u40223 |
| 041 ## - LANGUAGE CODE | |
| Language code of text/sound track or separate title | eng |
| 100 ## - MAIN ENTRY--PERSONAL NAME | |
| Personal name | Morris, H. |
| 245 ## - TITLE STATEMENT | |
| Title | 1992: year of change |
| 260 ## - PUBLICATION, DISTRIBUTION, ETC. | |
| Date of publication, distribution, etc. | 1990 |
| 350 ## - PRICE (NR) (BK AM CF MU VM SE) [OBSOLETE] | |
| Price | 0 |
| 490 ## - SERIES STATEMENT | |
| Series statement | Surveyor |
| Volume/sequential designation | 174 (5103) 12 July 1990, 14-17 (4) |
| 520 ## - SUMMARY, ETC. | |
| Summary, etc. | Looks at the influence EC directives will have on local government activities in the UK after 1992. These fall into five main categories: enforcement ensuring compliance with EC rules; public procurement ; public services concerning procedures for contracts above the threshold of £132.000; supplies protecting European interests favouring European over non-european contractors; EC Social Charter and the public works. The aim is to make tendering more competitive and ensure standards throughout the EC. |
| 690 ## - LOCAL SUBJECT ADDED ENTRY--TOPICAL TERM (OCLC, RLIN) | |
| Topical term or geographic name as entry element | EUROPE-SINGLE MARKET |
| 942 ## - ADDED ENTRY ELEMENTS (KOHA) | |
| Suppress in OPAC | 0 |
| 948 ## - LOCAL PROCESSING INFORMATION (OCLC); SERIES PART DESIGNATOR (RLIN) | |
| c (OCLC) | 04/03/1997 |
| Withdrawn status | Lost status | Source of classification or shelving scheme | Damaged status | Not for loan | Home library | Current library | Shelving location | Date acquired | Total Checkouts | Full call number | Barcode | Date last seen | Copy number | Price effective from | Koha item type |
|---|---|---|---|---|---|---|---|---|---|---|---|---|---|---|---|
| Dewey Decimal Classification | London | London | Journal article | 14/09/1999 | ABS43057 | 40223-1001 | 06/08/2019 | 1 | 06/08/2019 | Journal article |